| 000 | 00609nam a22001937a 4500 | ||
|---|---|---|---|
| 005 | 20251108164221.0 | ||
| 008 | 250721s1995 xx 000 0 ara d | ||
| 082 | 1 | 4 | _a617.6/فار |
| 100 | 1 | _aمرشد، فاروق | |
| 245 | 1 | 0 |
_aالفم و الأسنان : _bالوقاية للسليم و العلاج للمريض / |
| 264 | 1 |
_aالقاهرة : _bدار اخبار اليوم، _c1995. |
|
| 300 | _a144ص | ||
| 490 | 0 | _aكتاب اليوم الطبي ؛162 | |
| 650 | 1 | 7 | _aالأسنان |
| 650 | 1 | 7 | _aطب الأسنان |
| 700 | 1 | _aالمتيم، كمال | |
| 942 |
_2ddc _cBK |
||
| 999 |
_c6626 _d6626 |
||